| 000 | 00850nam0a22002411 4500 | ||
|---|---|---|---|
| 001 | rc\403230 | ||
| 005 | 20260405060225.0 | ||
| 035 | _a(NLR Aleph) 005651842 | ||
| 090 |
_a6780055 _c6780055 |
||
| 100 | _a20030616d1989 |||y0rusy50 ca | ||
| 101 | 0 | _arus | |
| 102 | _aRU | ||
| 105 | _aa ||||||||| | ||
| 200 | 1 |
_aОсколки диалектики _eПародии _fАлександр Иванов _gРис. В. Дмитрюка |
|
| 210 |
_aМ. _cПравда _d1989 |
||
| 215 |
_a47 с. _cил. _d17 |
||
| 225 | 1 |
_aБиблиотека "Крокодила" _v№ 16 (1076) |
|
| 700 | 1 |
_4070 _8rus _7ca _aИванов _cпоэт-пародист _bА. А. _f1936-1996 _gАлександр Александрович _3RU\NLR\auth\7719579 _92651 |
|
| 801 | 0 |
_aRU _bNLR _gpsbo |
|
| 801 | 1 |
_aRU _bELAR _2rusmarc |
|
| 852 |
_aNLR _j89-2/2498 |
||
| 942 | _cBOOK | ||
| 980 | _aNB | ||